Statistics for Top 10 Most Googled Car Brands of 2013

Click here to take the quiz!

General Stats

  • This quiz has been taken 420 times
  • The average score is 4 of 10

Answer Stats

RankCar Company% Correct
4Ford
87%
6Toyota
84%
8Dodge
38%
5Jeep
28%
2Bugatti
27%
10Mazda
24%
9Subaru
23%
1Tesla
22%
7GMC
17%
3MINI
16%

Score Distribution

Percentile by Number Answered

Percent of People with Each Score

Your Score History

You have not taken this quiz